[Event "Qingdao Daily Cup"]
[Site "Qingdao"]
[Date "1999.10.20"]
[Round "5"]
[White "Wu, Wenjin"]
[Black "Bu, Xiangzhi"]
[Result "0-1"]
[WhiteElo "2435"]
[BlackElo "2465"]
[Annotator "Gofshtein,L"]
[PlyCount "90"]
[EventDate "1999.10.18"]
[EventType "tourn"]
[EventRounds "9"]
[EventCountry "CHN"]
[EventCategory "10"]
[SourceTitle "CBM 074"]
[Source "ChessBase"]
[SourceDate "2000.02.01"]
[SourceVersion "1"]
[SourceVersionDate "2000.02.01"]
[SourceQuality "1"]

1. e4 {[%mdl 4112] Hansen,Cu. Hecht} c5 2. Nf3 Nc6 3. d4 cxd4 4. Nxd4 Nf6 5.
Nc3 d6 6. Be2 e5 7. Nf3 Be7 8. O-O h6 9. Re1 O-O 10. h3 Be6 11. Bf1 {[%csl Ye4]
[%cal Ye1e4] preventing move, which intends Nc3-d5.} a6 {The other idea is to
move out th knight from c6,capturing on-d5 with the knight f6.} (11... Nb4 12.
a3 Na6 13. Bxa6 bxa6 14. Nd5 Nxd5 15. exd5 Bd7 16. Qe2 Qc7 17. c4 Rac8 $132 {
Zagrebelny,S-Yermolinsky,A/Tashkent 1986/EXT 97 (62)}) (11... Kh8 $6 12. Nd5 $5
Nh7 13. b3 f5 14. exf5 Bxf5 15. Ba3 $1 {[%csl Rd6][%cal Ga3d6] Illescas
Cordoba,M-Chandler,M/Linares 1988/CBM 06 (29)}) (11... Nb8 $5) 12. a4 {more
dangerous fot black looks immediate Nd5} (12. Nd5 $5 Bxd5 (12... b5 13. c4 Rb8
14. b3 Bxd5 15. exd5 Na7 16. Be3 Qc7 17. Rc1 $16 {Sikora Gizynska,B-Zboron,H/
Wroclaw 1987/EXT 97 (39)}) 13. exd5 Nb8 14. c4 (14. a4 a5 15. Ra3 Nbd7 16. Nh4
Nc5 17. Nf5 Qd7 18. Qf3 Kh7 19. Bb5 Qd8 $36 {Henneberger,S-Mainka,R/Essen 1997/
EXT 99 (44)}) 14... Nbd7 15. Be3 Nh7 16. b4 a5 17. a3 Ng5 18. c5 $14 {Glek,
I-Reeh,O/Hamburg 1993/EXT 97 (68)}) (12. b3 Rc8 13. Bb2 Nb8 14. Qe2 Nbd7 15.
Red1 Qa5 $132 {Mukhortova,E-Slavina,I/Kolontaevo 1997/EXT 99 (46)}) 12... Qc7
13. b3 {interesting to check 13.Nd5,and black has few problems.} (13. Nd5 Bxd5
14. exd5 Nb4 15. c4 a5 16. Ra3 Nd7 17. Nd4 $1 $40 {Vasquez,R-Rosa,F/Santiago
de Chile 1993/EXT 98 (25)}) 13... Nb4 {[%csl Rd5] Now d5-square is under
control,and black gets rid of troubles.} 14. Bb2 Rfd8 15. Nd2 Bf8 {black does
not have any active plan, therefore black tries to impove the position of its
pieces.} (15... d5 $2 16. exd5 Nfxd5 17. Nxd5 Rxd5 18. c4 $1 {[%csl Re5][%cal
Ye1e5,Yb2e5]}) 16. Bc4 {white exchanges light- square bishops, creating
weaknesses over light squres in the cnter.} Qd7 17. Bxe6 Qxe6 18. Nc4 d5 {
black opens position,reaching the full balance.} 19. exd5 Nfxd5 20. Nxd5 Rxd5
21. Qe2 Rad8 22. Rad1 $5 {white gets rid of blacks pressure over d-line.} (22.
Bxe5 $2 Re8 $1 23. Rad1 (23. Qf3 Nxc2 24. Rad1 Red8 $19) 23... b5 24. axb5 axb5
25. Rxd5 Qxd5 26. Nb6 Qc6 27. c3 Qxb6 28. cxb4 f6 $19) (22. Nxe5 Rd2 $1 $36)
22... f6 {preventing move, which is against whites pressure on e5 pawn.} 23.
Ne3 Rxd1 24. Rxd1 Rxd1+ 25. Qxd1 Bc5 26. Qd2 Qd6 27. Qxd6 Bxd6 28. Ba3 Bf8 29.
Kf1 Nc6 30. Bxf8 Kxf8 $11 {after series of exchanges, the game was arrived to
an equal ending} 31. Ke2 Kf7 $6 (31... g6 $5) 32. Nf5 $1 b6 33. Ke3 {white
does not use an attemt to punish black for its unaccuracy.In this case black
has to play very careful.} (33. Nd6+ $5 Ke6 34. Ne8 Kf7 35. Nc7 a5 36. Nd5 b5
37. axb5 Nd4+ 38. Kd3 Nxb5) 33... h5 $2 (33... Nb4 $5 34. Kd2 Nd5 35. g3 h5)
34. c3 $6 (34. Nd6+ $1 Ke6 35. Ne8 Kf7 36. Nc7 $36) 34... Na5 $5 35. b4 Nc4+
36. Ke4 g6 37. Kd5 (37. Ne3 Nb2 $132) 37... gxf5 38. Kxc4 {Hecht: '[#] Ein
komplexes Endspiel mit verteilten Bauernmehrheiten. Auch mit FRITZ6 muss man
viel Geduld aufbringen, um zu überzeugenden Resultaten zu kommen. Ich hoffe,
Ihnen eine Menge Anregungen gegeben zu haben. Ich bin mir nach wie vor nicht
ganz sicher, wie dieses Endspiel zu bewerten ist. Remis oder Gewinn für
Schwarz?! '} Ke6 {Hansen,Cu: 'I was somewhat surprised to see that white lost
this endgame. His P-structure is better than blacks which usually garantes
that you cannot be worse in P-endgames - most often the player with the better
P-structure should be better. In this case however white has a slightly hidden
defect in his P-position on the Q-side which makes winning difficult. The a4-P
should have been on a3. Now in case of c3-c4 white has to reckon with the
counter-push a6-a5 often given the black K access to c5. Also with the a-P on
a3 white could create the setup a3-b4-c4 tying the black K down on the K-side
(because creating a passed P with c4-c5 is threatened). White could then march
his K to the K-side and maybe organize a breakthrough with the K on f3 and
g2-g4.'} 39. Kd3 {'?!' Hansen,Cu.} (39. a5 {Hecht} bxa5 (39... b5+ 40. Kc5 f4
41. c4 (41. f3 f5 42. c4 bxc4 43. Kxc4 Kd6 44. b5 axb5+ 45. Kxb5 e4 46. Kc4 e3
47. Kd3 h4 $19) 41... bxc4 42. Kxc4 Kd6 43. b5 axb5+ 44. Kxb5 e4 45. Kc4 f5 46.
Kd4 (46. Kc3 Kc5 47. Kd2 h4 48. Ke2 Kb5) (46. h4 Kc6 47. Kb4 Kb7 48. Kc3 Ka6
49. Kb4 e3 50. fxe3 fxe3 51. Kc3 Kxa5 52. Kd3 f4 53. g3 fxg3 54. Kxe3 $11)
46... Kc6 47. Kc4 h4 48. Kb4 e3 49. fxe3 fxe3 50. Kc3 Kb5 51. Kd3 f4 52. Ke2
Kxa5 53. g4 hxg3 54. Kf3 Kb4 55. h4 Kc3 56. h5 g2 57. Kxg2 e2 58. Kf2 Kd2 $19)
40. bxa5 f4 41. Kc5 (41. g3 fxg3 42. fxg3 f5 43. Kc5 e4 44. Kd4 Kd6 45. g4 $11)
41... h4 42. f3 f5 43. c4 e4 44. fxe4 fxe4 45. Kd4 e3 46. Kd3 Ke5 $19) (39. g3
$1 {Hansen,Cu This would be the logical move not allowing black to use his
doubled f-Ps in a active way} Kd6 {Black can only wait} (39... h4 $2 {This
would be a good move with a pair of Rs on the board since white P-structure is
weakened. However here white just plays:} 40. gxh4 {after which the passed P
on the c-<-> and the h-<-> will of course win easily.}) (39... f4 $2 40. gxf4
$18) 40. h4 Kc6 (40... Ke6 $5) 41. Kd3 (41. b5+ axb5+ 42. axb5+ Kd6 43. Kb4 Kd5
44. c4+ Kd4 45. c5 bxc5+ 46. Ka3 Kd5 47. Kb3 Kd6 48. Kc4 e4 {and black is
better}) 41... Kd6 {White cannot make any progress and the game should be draw}
) 39... f4 {Hansen,Cu: 'Now black can play f6-f5 and e5-e4 with the idea of
creating a passed pawn be e4-e3. '} 40. c4 Kd6 41. Ke4 a5 {'!?' Hansen,Cu.} (
41... Ke6 $11 {Hansen,Cu}) 42. c5+ {'?' Hecht. '?' Hansen,Cu.} (42. bxa5 {Hecht
} bxa5 43. Kf5 Kc5 44. f3 (44. Kxf6 $4 e4 $19) 44... Kxc4 (44... Kb4 45. Kxf6
Kxa4 46. Kxe5 Kb4 47. Kd5 a4 48. c5 a3 49. c6 a2 50. c7 a1=Q 51. c8=Q $16) 45.
Kxf6 Kb4 46. Kxe5 Kxa4 47. Kxf4 Kb4 (47... h4 $2 48. Kg5 Kb3 49. f4 a4 50. f5
a3 51. f6 a2 52. f7 a1=Q 53. f8=Q $18) 48. g4 hxg4 49. hxg4 (49. fxg4 {Hansen,
Cu} a4 50. g5 a3 51. g6 a2 52. g7 a1=Q 53. g8=Q Qf1+ $11) 49... a4 50. g5 a3
51. g6 a2 52. g7 a1=Q 53. g8=Q Qc1+ $11) 42... bxc5 43. bxa5 c4 44. a6 (44. Kf3
{Hecht} Kc6 (44... f5 {Hansen,Cu} 45. Ke2 e4 46. Kd2 Kc7 $19) 45. Ke2 Kb7 46.
Kd2 e4 $19) 44... Kc7 45. g4 hxg4 0-1

[Event "Chigorin Memorial 07th"]
[Site "St Petersburg"]
[Date "1999.11.07"]
[Round "6"]
[White "Yagupov, Igor"]
[Black "Aseev, Konstantin N"]
[Result "1/2-1/2"]
[WhiteElo "2449"]
[BlackElo "2533"]
[Annotator "Gofshtein,L"]
[PlyCount "56"]
[EventDate "1999.11.02"]
[EventType "swiss"]
[EventRounds "9"]
[EventCountry "RUS"]
[SourceTitle "CBM 074"]
[Source "ChessBase"]
[SourceDate "2000.02.01"]
[SourceVersion "1"]
[SourceVersionDate "2000.02.01"]
[SourceQuality "1"]

1. e4 c5 2. Nf3 d6 3. d4 cxd4 4. Nxd4 Nf6 5. Nc3 Nc6 6. Be2 e5 7. Nf3 h6 8. O-O
Be7 9. Re1 {Preventing move, with idea after Bf1 to defence pawn e4} O-O 10. h3
Be6 11. Bf1 {[%cal Ye1e4]} Nb8 {Black dosn't have active plans yet,so he
transferd his knight to better place.} 12. b3 a6 13. Bb2 Nbd7 {another
possibility are:} (13... b5 14. a4 {[%csl Rb5][%cal Ya4b5]} b4 {[%cal Yf1a6]}
15. Nd5 Nxd5 16. exd5 {[%cal Yd5c6,Yd5e6]} Bf5 17. a5 {[%cal Ya5b6]} Qc7 {
[%csl Rc2][%cal Rc7c2,Yf5c2]} 18. Bc4 Qb7 $132 {1/2-1/2 Grunthal,R-Nieminen,K/
FIN-chT 1993/EXT 98 (42)}) (13... Qa5 14. a3 Rc8 {[%csl Rc3][%cal Yc8c3,Ya5c3]}
15. Rc1 Rxc3 16. Qd2 Rc5 (16... Nxe4 $1 17. Rxe4 Qd5 $13) 17. b4 {[%cal Yb4a5,
Yb4c5]} Qb6 18. bxc5 Qxb2 19. cxd6 Bf8 $132 {Drozdov,I-Kozul,Z/Ljubljana 1994/
TD (41)}) (13... Re8 $146 14. a4 Nc6 $6 {Trying to use weakness of b4 square.}
(14... Nbd7 $142 15. Nd5 Nxd5 16. exd5 Bf5 {getting typical position for this
opening line.}) 15. g3 $6 (15. Nd5 $5 Bxd5 (15... Bf8 16. c4 $16) 16. exd5 Nb4
17. c4 $16 {[%cal Ga4a5]} a5 $132 {[%cal Gf6d7,Gd7c5]}) 15... Rc8 16. Bg2 Qd7
17. Kh2 Bd8 $5 $132 {[%cal Gd8a5,Gd8b6] 0-1 Kobese,W-Atalik,S/San Francisco
1998/CBM 66] (50) Now all of black pieses finds their best positions.}) 14. a4
(14. Nd5 Nxd5 15. exd5 Bf5 16. c4 Re8 (16... Bf6 17. b4 Re8 18. a3 Bh7 $13 {
Barua-Kosten, London 1989}) 17. b4 e4 $13 {0-1 Jonasson,B-Ulfarsson,M/
Gardabaer 1996/EXT 98 (41)}) (14. Qd2 Qc7 15. Nd5 Nxd5 16. exd5 Bf5 17. c4 a5
18. Qd1 Nc5 19. Nd2 Bg5 20. Nb1 Bg6 21. Nc3 Qb6 22. Ba3 Rac8 {1/2-1/2 Reyes,
J-San Segundo,P/ESP-chT 1990/EXT 97 (22)}) 14... Qc7 {Also possible:} (14...
Rc8 15. Nd2 Qa5 (15... Rc6 16. a5 Qb8 17. Nc4 Qc7 18. Qf3 Re8 19. Red1 Qb8 20.
Nd5 Bd8 $132 {Gentilleau-Garcia, Linares 1995}) 16. Nc4 Bxc4 17. Bxc4 Nb6 18.
Bf1 Rfd8 (18... Rxc3 $5 19. Qd2 Rfc8 20. Re3 R3c5 21. b4 Rxc2 22. Qxc2 (22. Qe1
$6 Qxa4 23. Rxa4 Nxa4 $17) 22... Rxc2 23. bxa5 Rxb2 24. axb6 Rxb6 25. Rc1 $14)
19. Qf3 {1/2-1/2 Cigan,S-Grosar,A/Maribor 1990/CBM 20 ext (19)}) 15. a5 (15.
Nd2 {[%csl Rc4][%cal Yf1c4,Rd2c4]} Rac8 (15... Rad8 16. Nc4 Rfe8 (16... Nc5 17.
Qf3 Qc6 18. Rad1 {[%csl Rd5][%cal Yd1d5,Yc3d5,Ye4d5]} Rfe8 19. a5 {[%csl Rb6]
[%cal Yc4b6,Yb6d5]} Kf8 20. Nb6 $14 {Womacka,M-Pribyl,M/BL2-O9697 1997/
GER-chT2 (23)}) 17. Ne3 {[%csl Rd5][%cal Ye3f5,Ye3d5,Yc3d5,Yd1d5]} Qc6 {
[%csl Re4][%cal Yf6e4,Yc6e4]} 18. f3 Qc5 19. Kh2 Nh5 $132 {0-1 Womacka,M-Aseev,
K/Porz 1991/EXT 97 (34)}) 16. Nc4 Bxc4 17. Bxc4 {[%cal Yc4f7]} Nc5 18. a5 $14 {
Gaponenko,I-Grabics,M/Duisburg 1992/TD (27)}) 15... Rac8 16. Nd2 d5 $5 {
This is typical break,which leads to equality.} (16... Rfd8 17. Nc4 Bf8 18. Qf3
Qb8 19. Rad1 Rc6 20. Rd2 Rdc8 $132 {Apicella-Gentilleau, Linares 1995}) 17.
exd5 Nxd5 18. Nxd5 Bxd5 {[%csl Rc2][%cal Yc7c2]} 19. Bc4 Bc6 20. Qg4 {An
attemt to activate whites pieces,but black protects by exect play.} Rce8 21.
Nf3 {[%csl Re5][%cal Yb2e5,Yf3e5,Ye1e5]} Bf6 $1 {[%csl Re5][%cal Yd7e5,Yf6e5,
Ye8e5,Yc7e5] superior defense of e5-square.} 22. Nh4 {[%csl Rf5][%cal Yh4f5,
Yf5h6,Yf5g7] The last attemt to complicate the struggle.} e4 $1 {[%cal Yf6b2]}
23. Nf5 (23. Bxf6 Nxf6 24. Qe2 Rd8 $11) 23... Bxb2 24. Nxh6+ Kh7 $8 (24... Kh8
$2 25. Nxf7+ $18) 25. Nxf7 g6 {also possible:} (25... Nf6 26. Qh4+ Kg6 27. Qg5+
Kh7 28. Qh4+ $11) 26. Qh4+ Kg7 27. Qh6+ Kf6 28. Qh4+ Kg7 1/2-1/2

[Event "Qingdao Daily Cup"]
[Site "Qingdao"]
[Date "1999.10.21"]
[Round "7"]
[White "Wang, Shuo"]
[Black "Bu, Xiangzhi"]
[Result "0-1"]
[WhiteElo "2411"]
[BlackElo "2465"]
[Annotator "Gofshtein,L"]
[PlyCount "56"]
[EventDate "1999.10.18"]
[EventType "tourn"]
[EventRounds "9"]
[EventCountry "CHN"]
[EventCategory "10"]
[SourceTitle "CBM 074"]
[Source "ChessBase"]
[SourceDate "2000.02.01"]
[SourceVersion "1"]
[SourceVersionDate "2000.02.01"]
[SourceQuality "1"]

1. e4 c5 2. Nf3 Nc6 3. d4 cxd4 4. Nxd4 Nf6 5. Nc3 d6 6. Be2 e5 7. Nf3 h6 8. O-O
Be6 (8... Be7) 9. Nd2 {[%csl Rc4][%cal Yd2c4,Ye2c4] takes control over
c4-square. In addition white intends to exchange light square bishops. In my
opinion the better way was to finish the development of pieces, at first,and
only then to start with active plan.Another possibility were:} (9. b3 Be7 (9...
d5) 10. Bb2 O-O (10... a6 11. a4 O-O 12. Re1 Rc8 13. Rc1 Nb4 $132 {[%cal Yc8c3,
Yb4c2,Yb4d5] 1/2-1/2 Faibisovich,V-Ubilava,E/Rostov 1976/MCD (47)}) 11. Re1 $5
{white intends to lead the logical plan in this position- to insert whites
knight to-d5.} (11. Qd2 a6 (11... Rc8 12. Rfd1 a6 13. a4 Bg4 14. Rac1 Qc7 15.
h3 Bxf3 16. Bxf3 $14 {Pogats,J-Troianescu,O/Szcawno Zdroj 1950/MCD (49)}) 12.
h3 Qa5 13. Rfd1 Rac8 14. a3 Rfd8 15. Rac1 Bf8 16. Qe3 $14 {1-0 Yanofsky,
D-Sajtar,J/Karlovy Vary 1948/MCD (70)}) (11. a3 Rc8 12. Re1 Re8 13. h3 Bf8 14.
Bd3 a6 15. Qe2 g6 16. Rad1 Bg7 17. Nb1 Nh5 18. Qe3 b5 19. Bf1 Qc7 $132 {
Smyslov,V-Speelman,J/Hastings 1981/MCD (58)}) (11. Nd2 Nd4 12. Bd3 Rc8 13. Ne2
Nxe2+ 14. Qxe2 Nd7 15. c4 $14 {Bronstein,D-Lanka,Z/Jurmala 1978/EXT 99 (27)})
11... Rc8 12. Bf1 Qa5 13. a3 a6 14. b4 Qc7 15. Nd5 $1 Bxd5 16. exd5 Nb8 17. c4
$36 {Tischbierek,R-Kiss,A/Rostock 1982/MCL/ (43)}) (9. Re1 d5 $2 (9... a6 10.
Bf1 Qa5 $6 {This attemt to create a counterplay such quickly does not give
success.} 11. Nd2 Nd4 12. Nc4 Qc5 13. Na4 $5 Qc6 14. c3 $5 Nb5 15. Ncb6 Rd8 16.
c4 Nd4 17. Nd5 $16 {Spasov,V-Kotronias,V/Balkaniad-men 1993/TD (67)}) (9... Rc8
10. Bf1 Be7 11. h3 Na5 $6 {Unlucky attemt to create immediate counterplay.} 12.
Bb5+ $5 Bd7 13. a4 O-O 14. Bxd7 Qxd7 15. Nh4 $36 {Vasiukov,E-Robatsch,K/Stary
Smokovec 1988/EXT 97 (41)}) (9... Be7 $5) 10. exd5 Nxd5 11. Nxd5 Qxd5 12. Qxd5
Bxd5 13. Nxe5 Nxe5 14. Bb5+ $16) (9. Be3 Be7 10. Qd2 O-O 11. Rfd1 a6 12. Ne1
Rc8 13. f3 Qc7 14. Nd5 Bxd5 15. exd5 Nb8 16. c4 Ne8 $132 {1/2-1/2 Foltys,
J-Troianescu,O/Szcawno Zdroj 1950/MCD (41)}) 9... Be7 10. Bc4 {[%cal Yc4e6]}
O-O {Good chances to get an equality gave simple 10...d5} (10... d5 $5 11. exd5
Nxd5 12. Nxd5 Bxd5 13. Qg4 O-O 14. Rd1 f5 $132) (10... Bxc4 $6 11. Nxc4 Nxe4
12. Nxe4 d5 13. Qg4 $36) 11. Nd5 (11. Bb3 d5 $11) 11... Bxd5 (11... Rc8 $5 {
[%cal Yc8c4]}) (11... a6 12. c3 b5 13. Bb3 Na5 $132) 12. Bxd5 (12. exd5 Na5
$132) 12... Nxd5 13. exd5 Nb4 14. Ne4 f5 15. Ng3 a5 (15... Bg5 $5) 16. a3 Na6
17. c4 Nc5 {Black has to exchange black square bishops by Bg5,getting
convenient position.  This is typical strategical idea for this kind of
structure.} (17... Bg5 $5) 18. Bd2 f4 $6 {Dubios move. black tries to play
active on the king side,but it just creates additional weaknesses in blakcs
position. Better was Bg5} (18... Bg5 $5) 19. Ne2 f3 20. gxf3 Rxf3 21. Ng3 Qf8
22. Be3 Nd7 23. b4 $6 {Dubios decision. White chooses the wrong side for its
play. Better was to play on the kingside.} (23. Kg2 $5 Rf7 24. Qg4 $14 {
[%cal Yg4e6,Ye3h6,Yg4g7]}) 23... axb4 24. axb4 Rxa1 25. Qxa1 Qc8 {[%cal Gc8h3,
Gc8c4]} 26. Qc1 $6 (26. Kg2 $5) 26... Nf6 27. Qd1 $2 (27. Kg2 e4 28. Re1 $13)
27... e4 $1 28. Qe2 {loses immediately,but also other moves dosn't get rid of
troubles.} (28. Nxe4 Qh3 $1 $40 {with idea 29...Ng4} 29. Nd2 Rf5 30. Re1 (30.
Qe2 Ng4 $40) 30... Ng4 31. Nf1 Bh4 $19) (28. Kg2 Qxc4 29. Nxe4 Rf5 30. Ng3 Rxd5
$36) 28... Qh3 0-1

[Event "Bar"]
[Site "Bar"]
[Date "1997.11.21"]
[Round "3"]
[White "Sokolov, Andrei"]
[Black "Popovic, Petar"]
[Result "1/2-1/2"]
[WhiteElo "2585"]
[BlackElo "2545"]
[Annotator "Har Zvi,R"]
[PlyCount "59"]
[EventDate "1997.11.19"]
[EventType "tourn"]
[EventRounds "10"]
[EventCountry "YUG"]
[EventCategory "12"]
[SourceTitle "CBM 063"]
[Source "ChessBase"]
[SourceDate "1998.03.26"]
[SourceVersion "1"]
[SourceVersionDate "1998.03.26"]
[SourceQuality "1"]

1. e4 c5 2. Nf3 d6 3. d4 cxd4 4. Nxd4 Nf6 5. Nc3 Nc6 6. Be2 e5 7. Nf3 h6 8. O-O
Be7 9. Re1 O-O 10. h3 Be6 11. Bf1 Qa5 12. Bd2 (12. Nb5 a6 13. Nxd6 Qc5 14. Nf5
Bxf5 15. exf5 (15. Be3 Qb4 16. exf5 Qxb2 17. Rb1 Qxa2 18. Rxb7 Rab8 $6 (18...
Bb4 $5) 19. Qb1 $1 Qa5 20. Qb6 $16 {Xie Jun -Chiburdanidze,Kuala Lumpur,1994})
15... Rad8 16. Nd2 e4 17. c3 Bd6 18. Qe2 Rfe8 19. Nc4 Bc7 20. Be3 Qxf5 $15 {
Xie Jun - Ioseliani,Monaco 1993}) 12... Qd8 13. Bc1 Qa5 14. a3 Rfc8 (14... Rac8
15. Rb1 a6 16. b4 Qc7 17. Nd5 Bxd5 18. exd5 Na7 19. c4 b5 20. c5 (20. Bb2 bxc4
21. Rc1 Qb7 22. Bxc4 a5 $1 $15 {Fishbein-Yermolinsky,1994 New-York}) 20... dxc5
21. Nxe5 Rfd8 22. Ng4 c4 23. Nxf6+ Bxf6 24. g3 Nc6 $13 {Yermolinsky}) 15. Rb1
Nb8 (15... Qc7 16. Nb5 Qd8 17. b3 a6 18. Nc3 Nb8 19. Bb2 Nbd7 20. a4 Rc5 21.
Nd2 Rac8 22. Re3 d5 23. exd5 Nxd5 24. Nxd5 Rxd5 25. Bc4 Rd6 26. Qe1 Rdc6 27.
Rd1 Bb4 28. Qe2 f6 29. Bxe6+ Rxe6 30. Nc4 Qe8 $11 {Smirin-Bendjamin,Groningen
1993}) 16. Nh4 Qb6 (16... Nc6 17. Nf3 Nb8 $11 {Kramnik-Makarov,1990 USSA}) 17.
Qf3 Nc6 18. Be3 Qa5 $146 (18... Nd4 19. Bxd4 Qxd4 20. Nf5 Bxf5 21. exf5 $14)
19. Nf5 (19. Red1 $142 {Profilaktik against counterplay in line d}) 19... Bxf5
20. Qxf5 Nd4 $5 21. Bxd4 g6 22. Qf3 exd4 23. Nb5 (23. Nd5 Nxd5 24. exd5 Bg5 25.
Bd3 Re8 $11) 23... Rxc2 24. Nxd4 Rc7 25. Nb5 Rc6 26. Rbd1 a6 27. Nd4 $6 (27.
Nc3 $5 Rac8 28. Bd3 $14) 27... Rc7 28. Qb3 Rac8 $11 29. Nf3 Nd7 30. Qe3 1/2-1/2

[Event "Biel Credis"]
[Site "Biel"]
[Date "1996.??.??"]
[Round "3"]
[White "Gallagher, Joseph G"]
[Black "Pelletier, Yannick"]
[Result "1-0"]
[WhiteElo "2530"]
[BlackElo "2440"]
[Annotator "Hecht,H"]
[PlyCount "149"]
[EventDate "1996.07.22"]
[EventType "tourn"]
[EventRounds "11"]
[EventCountry "SUI"]
[EventCategory "10"]
[SourceTitle "CBM 055"]
[Source "ChessBase"]
[SourceDate "1996.12.01"]
[SourceVersion "1"]
[SourceVersionDate "1996.12.01"]
[SourceQuality "1"]

1. e4 c5 2. Nf3 d6 3. d4 cxd4 4. Nxd4 Nf6 5. Nc3 Nc6 6. Be2 e5 7. Nf3 h6 8. O-O
Be7 9. Re1 O-O 10. h3 Be6 11. Bf1 Nb8 12. b3 a6 13. a4 Nbd7 14. Bb2 Qc7 15. a5
Qc6 16. Nd2 d5 17. exd5 Nxd5 18. Nxd5 Bxd5 19. c4 Be6 20. Nf3 Rad8 21. Qc2 Bb4
22. Bc3 Bxc3 23. Qxc3 f6 24. Rac1 Rfe8 25. b4 Qc7 26. Red1 Nb8 27. Bd3 Rc8 28.
Nd2 Nc6 29. Ne4 Nd4 30. c5 Red8 31. Qb2 Bf5 32. Bc4+ Kh8 33. Nd6 Rxd6 34. cxd6
Qxd6 35. Bf1 Qd5 36. Rxc8+ Bxc8 37. Qc3 Bd7 38. Re1 Bc6 39. Re3 Nf5 40. Rd3 Nd4
41. Re3 Nf5 42. Re1 Nd4 43. f3 g5 44. Bc4 Qd7 45. Ba2 Bb5 46. Qc5 Kg7 47. Qd5
Qxd5 48. Bxd5 Bc6 49. Bxc6 Nxc6 {[#] geringer weißer Materialvorteil bei
halbgeschlossener Stellung. Schwarze Bauern- Schwäche b7 kompensiert durch
Schwäche von b4 (und a5 im Falle von b5). Keine Festung nach 53...h5-h4 (statt
hxg4) wegen S-Einkreisung. Entscheidende Stellungsöffnung Zug 62 mit
taktischem Witz} 50. Rb1 (50. Rd1 Nxb4 51. Rd7+ Kg6 52. Rxb7 Nc6 $14) 50... Kf7
51. Kf2 Ke6 52. Ke3 h5 53. g4 hxg4 (53... h4 $6 {Idee: Sd4 greift f3 an,
verhindert b5 und deckt f5 führt zu keiner Festung!} 54. b5 Nxa5 55. bxa6 bxa6
56. Rb6+ Ke7 57. Kd3 $1 {drohend Kc3-b4} (57. Rxa6 Nb3 58. Ke4 Nd4 59. Kd5 Kf7
$10) 57... Kd7 58. Rxf6 Nc6 59. Kc4 $18) 54. fxg4 $1 (54. hxg4 Nd4 $14) 54...
Nd4 55. Rc1 Nb5 56. Rc8 Nd6 57. Rc7 Kd5 58. Rc5+ Ke6 59. Rc7 Kd5 60. Kd3 Ke6
61. Ke2 Kd5 {[#]} 62. b5 Nxb5 (62... axb5 63. Rxb7 $1 Nxb7 64. a6 Kc6 65. a7
$18) 63. Rxb7 Nd4+ 64. Kf2 Nc6 65. Rb6 Nxa5 66. Rxf6 Nc6 67. Rg6 a5 68. Rxg5 a4
69. Rg8 Kc4 70. Ra8 Kb3 71. h4 a3 72. h5 a2 73. h6 Ne7 74. h7 Ng6 75. Ke3 1-0

[Event "Rostock-A 14th"]
[Site "Rostock"]
[Date "1988.??.??"]
[Round "6"]
[White "Kwiecien, Zbigniew"]
[Black "Kalinitschew, Sergey"]
[Result "0-1"]
[WhiteElo "2310"]
[BlackElo "2425"]
[Annotator "Kalinitschew,S"]
[PlyCount "70"]
[EventDate "1988.08.13"]
[EventType "tourn"]
[EventRounds "9"]
[EventCountry "DDR"]
[EventCategory "3"]
[SourceTitle "EXT 2002"]
[Source "ChessBase"]
[SourceDate "2001.11.25"]
[SourceVersion "1"]
[SourceVersionDate "2001.11.25"]
[SourceQuality "1"]

1. e4 c5 2. Nf3 d6 3. d4 cxd4 4. Nxd4 Nf6 5. Nc3 Nc6 6. Be2 e5 7. Nf3 h6 8. O-O
Be7 9. Re1 O-O 10. h3 a6 11. a4 $6 {Die Theorie empfiehlt} (11. Bf1 {mit
geringem Vorteil}) 11... Be6 12. Bf1 Rc8 {Schlechter ist} (12... Nb4 13. a5 $1
Rc8 (13... Nc6 14. Nd5 $1) 14. Be3 {/\ Ra4}) 13. Nd5 Bxd5 14. exd5 Nb4 15. c4
a5 {Die weißen Bauern auf dem Damenflügel sind blockiert, der Läufer auf f1
ist schlecht.} 16. Be3 $6 (16. Bd2 $142) 16... Nd7 17. Nd2 Bg5 $1 18. Ne4 Bxe3
19. Rxe3 Nc5 20. Nxc5 Rxc5 {mit klarem Vorteil; es droht 21...f5 mit Angriff}
21. g4 f5 $1 22. gxf5 Rxf5 23. Rg3 Qf6 24. Rg2 Rc7 25. Ra3 Rf7 26. Qd2 Rf4 27.
Rag3 g5 $1 {Eine Strategie der schwarzen Felder} 28. Rg4 (28. Qe3 Nc2 $1 29.
Qa7 Nd4) 28... Kf8 29. R4g3 Qf5 30. Rc3 Na6 31. Qc2 $6 Qxc2 32. Rxc2 Nc5 33.
Rg3 Rf3 34. Rxf3 Rxf3 35. Kg2 Rb3 {1:59-1:35} 0-1